[Event "IOM Open-Masters 2017"]
[Site "Douglas"]
[Date "2017.09.25"]
[Round "3"]
[White "Cornette, Deimante"]
[Black "Rapport, Richard"]
[Result "0-1"]
[WhiteElo "2404"]
[BlackElo "2675"]
[Annotator "TA"]
[PlyCount "78"]
[EventDate "2017.??.??"]
[EventType "swiss"]
[EventCountry "GBR"]
[SourceTitle "playchess.com"]
[Source "ChessBase"]
[SourceQuality "1"]

{[%evp 16,78,-8,-25,29,21,31,13,29,0,12,4,0,0,16,-14,13,0,29,0,0,0,14,2,11,-6,-12,-75,-81,-73,-35,-88,0,0,0,-31,0,0,0,0,0,0,0,0,95,89,97,96,89,81,52,0,0,0,0,-18,0,0,16,0,20,0,0,-12805,-12812]} 1. e4 Nc6 2. Nf3 e5 3. Bb5 a6 4. Ba4 Nf6 5. O-O Be7 6. d3 d6 7. c4 O-O {C84: Closed Ruy Lopez: Unusual White 6th moves} 8. Nc3 Bg4 9. Be3 {[#] LiveBook: 5 Games} Nb8 $146 (9... Nd4 $142 $1 {[%mdl 512]}) ({Predecessor:} 9... Nd4 10. Bxd4 exd4 11. Nd5 c6 12. Nxf6+ Bxf6 13. h3 Bxf3 14. Qxf3 g6 15. Rae1 {½-½ (33) Anand,V (2783)-Aronian,L (2813) Stavanger 2013}) 10. h3 $11 Bh5 11. d4 Nbd7 12. Bxd7 Nxd7 13. g4 Bg6 14. d5 h5 15. Qe2 c6 (15... b5 $5) 16. Rac1 Rc8 (16... cxd5 {is interesting.} 17. cxd5 Rc8 18. Rfd1 b5 19. a3 Rc7) 17. Rfd1 (17. dxc6 {seems wilder.} bxc6 18. Rcd1 Qa5 19. g5 Nc5 20. Nh4) 17... cxd5 18. cxd5 hxg4 (18... Rc7 {looks sharper.} 19. Kg2 Nc5 20. Nd2 Bg5 21. f3 b5) 19. hxg4 Rxc3 20. bxc3 {aiming for Nd2.} Bxe4 21. Bb6 (21. c4 $11) 21... Qxb6 22. Qxe4 Nc5 23. Qe2 $1 f5 (23... Qd8 $17) 24. Nd4 $15 fxg4 25. Qxg4 {Strongly threatening Nf5.} exd4 26. cxd4 Qb2 $1 {[%cal Rb2f2]} 27. f3 {[#]} Nd3 $1 {[%mdl 512]} 28. Qe6+ $1 (28. Rxd3 Qxc1+) 28... Rf7 {( -> ...Qf2+)} (28... Kh8 $5 29. Qh3+ $8 Kg8 30. Qe6+ Kh8 31. Qh3+ Kg8 32. Qe6+ $11) 29. Qc8+ Bf8 (29... Rf8 $11 30. Qe6+ Kh8 31. Qh3+ Kg8 32. Qe6+) 30. Rxd3 $16 Re7 31. Qc3 Qxa2 {Hoping for ...Re2.} 32. Re3 {And now Rxe7 would win.} Rf7 33. Re8 (33. Qb3 $14 Qa5 34. Re8) 33... Qxd5 $11 34. Kf2 Qh5 $36 {[%mdl 2048] Black has some pressure.} 35. Rce1 Qh4+ 36. Ke2 Qh3 37. Rf1 d5 38. Qe3 Rf6 39. Kd2 $2 {[%mdl 8192]} (39. Qb3 $11 Qd7 40. Re5) 39... Qxf1 {Precision: White = 40%, Black = 31%.} 0-1

[Event "IOM Open-Masters 2017"]
[Site "Douglas"]
[Date "2017.09.25"]
[Round "3"]
[White "Kojima, Shinya"]
[Black "Riazantsev, Alexander"]
[Result "0-1"]
[WhiteElo "2403"]
[BlackElo "2666"]
[Annotator "TA"]
[PlyCount "102"]
[EventDate "2017.??.??"]
[EventType "swiss"]
[EventCountry "GBR"]
[SourceTitle "playchess.com"]
[Source "ChessBase"]
[SourceQuality "1"]

{[%evp 18,102,18,-3,23,6,10,12,31,24,27,27,29,19,26,19,59,51,79,76,83,81,106,92,127,112,123,68,85,94,110,79,87,17,23,12,93,93,93,93,93,93,93,102,87,96,105,60,74,0,0,0,0,-52,-52,-331,-331,-324,-324,-274,-279,-339,-330,-342,-311,-294,-288,-786,-745,-665,-600,-1435,-867,-12833,-12833,-12834,-12834,-12833,-12834,-12839,-12815,-12836,-12836,-12839,-12839,-12840,-12840]} 1. Nf3 Nf6 2. c4 e6 3. Nc3 b6 4. g3 Bb7 5. Bg2 Bb4 6. Qc2 O-O 7. a3 Bxc3 8. Qxc3 c5 9. O-O d5 10. d3 Nbd7 {A17: English Opening: 1...Nf6 with ...Bb4} 11. e3 $146 ({Predecessor:} 11. b4 Qe7 12. Bb2 d4 13. Qd2 e5 14. Nxd4 Bxg2 15. Nf5 Qe6 16. Qg5 Ne8 17. Kxg2 h6 18. Qg4 {1-0 (28) Anand,V (2765)-Andersson,U (2655) Monte Carlo 1997}) 11... a5 12. b3 Re8 {The position is equal.} 13. Bb2 e5 14. cxd5 Nxd5 15. Qc2 Rc8 16. Rac1 Rc7 17. Rfd1 Qa8 18. e4 N5f6 19. Nh4 b5 20. Qd2 Qa6 21. Nf5 h6 22. f4 (22. b4 $16) 22... Rc6 23. Rf1 c4 24. bxc4 bxc4 25. Rxc4 (25. dxc4 $16 Qb6+ 26. Kh1) 25... Rxc4 $11 26. dxc4 Qb6+ (26... Bxe4 $11 27. Bxe4 Qa7+ 28. Qf2 Qxf2+ 29. Rxf2 Nxe4) 27. Qf2 $16 {[#] And now Qxb6 would win.} Bxe4 28. Qxb6 Nxb6 29. Nd6 Bxg2 30. Kxg2 Re6 31. fxe5 Nfd7 32. Bd4 {aiming for c5.} Nxe5 33. Bxb6 (33. Bxe5 $16 Rxe5 34. Rb1 (34. Rxf7 Nc8 $14)) 33... Rxd6 $14 {[%mdl 4096] Endgame KRB-KRN} 34. c5 Rd3 35. Bxa5 (35. Bc7 $11 Nc6 36. Rf3 Rd2+ 37. Rf2) 35... Nc4 $15 36. Bb4 $2 {[%mdl 8192]} (36. Rc1 $15 Nxa5 37. c6 Nxc6 38. Rxc6) 36... Ne3+ $19 37. Kf2 {[#] Hoping for c6.} Nxf1 38. Kxf1 {KR-KB} Kf8 39. Ke2 Rb3 40. Kd2 Ke8 41. Kc2 Rf3 42. a4 $2 (42. c6) 42... Kd7 {Black is clearly winning.} 43. Bc3 g5 44. Kb3 Kc6 45. Kc4 Rf2 46. h3 Rh2 47. Be5 Rxh3 48. Kd4 Rh1 49. Bd6 Re1 50. a5 f5 51. a6 Re4+ {Precision: White = 32%, Black = 54%.} 0-1

[Event "IOM Open-Masters 2017"]
[Site "Douglas"]
[Date "2017.09.25"]
[Round "3"]
[White "Eggleston, David J"]
[Black "L'ami, Erwin"]
[Result "0-1"]
[WhiteElo "2400"]
[BlackElo "2611"]
[Annotator "TA"]
[PlyCount "74"]
[EventDate "2017.??.??"]
[EventType "swiss"]
[EventCountry "GBR"]
[SourceTitle "playchess.com"]
[Source "ChessBase"]
[SourceQuality "1"]

{[%evp 17,74,22,23,10,42,41,41,47,61,63,66,68,64,69,74,86,88,76,94,104,95,104,135,129,109,101,102,92,101,26,38,0,0,0,0,0,0,0,0,-584,-589,-541,-452,-29986,-29987,-29987,-29988,-29988,-29988,-29988,-29989,-29989,-29990,-29990,-29991,-29995,-29996,-29996,-29997]} 1. c4 g6 2. Nc3 Bg7 3. Nf3 d6 4. g3 e5 5. Bg2 f5 6. d3 Nf6 7. O-O O-O 8. Rb1 h6 9. b4 g5 {LiveBook: 66 Games} 10. e3 {A21: English Opening: 1...e5 2 Nc3} (10. b5 Kh8 11. Ba3 Nbd7 12. Nd2 a6 13. Qb3 axb5 14. cxb5 Nb6 15. Bb4 Qe8 16. a4 Be6 17. Qc2 Rb8 18. a5 {0-1 (37) Harikrishna,P (2727)-Ponomariov,R (2714) Beijing 2014}) 10... Nbd7 $146 ({Predecessor:} 10... Nc6 11. b5 Ne7 12. d4 e4 13. Nd2 Ng6 14. f3 exf3 15. Nxf3 Be6 16. Qd3 d5 17. Nd2 c6 18. bxc6 bxc6 19. cxd5 cxd5 {0-1 (30) Zarkua,D (2441)-Gagunashvili,M (2601) Tbilisi 2013}) 11. a4 a5 12. b5 {White is slightly better.} c5 13. bxc6 bxc6 14. Ba3 Qc7 15. Nd2 Rb8 16. Qf3 Rxb1 17. Rxb1 Nb8 18. Rxb8 Qxb8 19. Qxc6 e4 20. Bxd6 Bd7 21. Qc5 $1 Qb2 22. Bxf8 Qxc3 23. Bxg7 ({Better is} 23. Be7 $1 $16) 23... Kxg7 $11 24. h4 {Strongly threatening Qe7+.} ({Avoid the trap} 24. dxe4 $2 Qxd2 25. exf5 Qe1+ 26. Bf1 Qxf2+ $1 {[%mdl 512]} 27. Kxf2 Ne4+ 28. Ke1 Nxc5 $19) 24... Qxd2 25. Qe7+ Kg6 {[#]} 26. h5+ $1 {[%mdl 512]} Nxh5 27. Qxd7 {Qe8+ is the strong threat.} Nf6 $36 {[%mdl 2048] White is under pressure.} 28. Qe6 $2 {[%mdl 8192]} (28. Qd8 $11) 28... Qe1+ $19 29. Kh2 {[%cal Rd3e4]} exd3 30. Bd5 (30. g4 $19 Qxf2 31. gxf5+ Qxf5 32. Qd6) 30... Qxf2+ {Black mates.} 31. Kh1 {[#]} Kh5 $1 32. Qxf6 d2 {[%cal Rd2d1]} 33. Qd4 Qf1+ 34. Kh2 Qe2+ 35. Bg2 d1=Q 36. Qe5 Qf2 37. Qe8+ Kg4 {Precision: White = 63%, Black = 56%.} 0-1

[Event "IOM Open-Masters 2017"]
[Site "Douglas"]
[Date "2017.09.25"]
[Round "3"]
[White "Kavutskiy, Konstantin"]
[Black "Sokolov, Ivan"]
[Result "0-1"]
[WhiteElo "2390"]
[BlackElo "2603"]
[Annotator "TA"]
[PlyCount "68"]
[EventDate "2017.??.??"]
[EventType "swiss"]
[EventCountry "GBR"]
[SourceTitle "playchess.com"]
[Source "ChessBase"]
[SourceQuality "1"]

{[%evp 17,68,39,30,-14,-15,-20,-30,-25,-29,-27,0,-151,-158,-235,-215,-383,-339,-415,-147,-143,-114,-110,-120,-282,-284,-282,-270,-341,-320,-300,-309,-565,-593,-561,-443,-562,-443,-434,-433,-849,-849,-849,-837,-786,-481,-482,-477,-477,-472,-509,-509,-783,-771]} 1. d4 Nf6 2. c4 e6 3. Nf3 b6 4. g3 Bb4+ 5. Bd2 Be7 6. Nc3 Bb7 7. Bg2 O-O 8. Qc2 c5 {[%cal Bc7c5,Bc5c4][%mdl 32] E16: Queen's Indian: 4 g3 Bb7 5 Bg2 Bb4+} (8... Nc6 9. O-O d5 10. cxd5 Nb4 11. Qa4 Nbxd5 12. Rfd1 Qe8 13. Qxe8 Rfxe8 14. Ne5 c5 15. dxc5 Bxc5 16. Rac1 {1-0 (50) Ivanchuk,V (2738)-Shankland,S (2676) Matanzas 2017}) 9. d5 exd5 {LiveBook: 9 Games} 10. Nh4 {[%cal Rc4d5]} Nc6 {[%cal Bb8c6,Bc6b4,Bb4c2][%mdl 32] The position is equal.} 11. cxd5 Nb4 12. Qb3 $146 {[#]} ({Predecessor:} 12. Qb1 Nbxd5 13. Nd1 Rb8 14. e4 Nc7 15. O-O d5 16. e5 {0-1 (50) Matorin,E (2340)-Ianovsky,A (2202) Kiev 2002}) 12... c4 $1 {[%cal Rc4b3][%mdl 512]} 13. Qa4 (13. Qxc4 Nc2+) 13... b5 ({Reject} 13... Bxd5 $6 14. Nxd5 Nbxd5 15. Qxc4 $14) 14. Qxb5 $2 (14. Nxb5 $11 Nfxd5 15. O-O) 14... Nc2+ $17 15. Kd1 (15. Kf1 $17 {was called for.} Nxa1 16. d6 Bxg2+ 17. Kxg2 Bxd6 18. Qxc4) 15... Nxa1 $19 16. Qxb7 $2 (16. Nf5 Rb8 17. Qxc4) 16... Rb8 17. Qa6 Ng4 $2 (17... Rxb2 $19 18. Nf5 Bb4 19. Qxa7 Qa8 20. Qxa8 Rxa8) 18. Kc1 $17 Nxf2 19. Rf1 {[#]} Bg5 $1 {[%cal Rg5d2]} (19... Bxh4 20. gxh4 Rb6 21. Qxc4 $11) 20. Rxf2 $2 (20. Nf3 $17 Bxd2+ 21. Nxd2) 20... Bxd2+ $19 21. Kxd2 Rxb2+ 22. Ke1 Qg5 23. Rf4 {Strongly threatening Nf5.} Qe5 24. Qxc4 $2 (24. Kf2 Qxc3 25. Qxc4) 24... Nc2+ {Black is clearly winning.} 25. Kf2 {aiming for Nd1.} Qe3+ 26. Kf1 Rfb8 {( -> ...Rb1+!)} 27. Nd1 {[#] Black must now prevent d6.} Qd2 $1 {[%csl Gc2][%cal Rd2e1][%mdl 512]} 28. Kf2 (28. Nf3 $142 Qxd1+ 29. Kf2) 28... Qe1+ 29. Kf3 Qxd1 30. d6 Ne1+ 31. Kg4 Qxe2+ 32. Qxe2 Rxe2 33. Bd5 Nd3 34. Bxf7+ (34. Rd4 $142 Rd2 35. Kf5) 34... Kf8 {Precision: White = 28%, Black = 66%.} 0-1

[Event "IOM Open-Masters 2017"]
[Site "Douglas"]
[Date "2017.09.25"]
[Round "3"]
[White "Bellin, Robert"]
[Black "Huschenbeth, Niclas"]
[Result "0-1"]
[WhiteElo "2344"]
[BlackElo "2596"]
[Annotator "TA"]
[PlyCount "50"]
[EventDate "2017.??.??"]
[EventType "swiss"]
[EventCountry "GBR"]
[SourceTitle "playchess.com"]
[Source "ChessBase"]
[SourceQuality "1"]

{[%evp 15,50,0,0,-34,-33,-33,-25,-22,-17,-18,-24,-42,0,-62,-79,-62,-21,-48,-39,-37,-33,-22,-11,-18,0,-90,-29,-93,-100,-96,-79,-226,-188,-340,-214,-444,-422]} 1. d4 d5 2. Nf3 Nf6 3. e3 c5 4. c4 cxd4 5. exd4 g6 6. Nc3 Bg7 7. Qb3 O-O 8. cxd5 Nbd7 {[%cal Bb8d7,Bd7b6,Bb6c4][%mdl 32] LiveBook: 61 Games} 9. g3 {B14: Caro-Kann: Panov-Botvinnik Attack with 5...e6 and 5...g6} Nb6 {[%cal Rf6d5]} 10. Bg2 Nfxd5 11. Ne4 $146 {Black has an edge.} ({Predecessor:} 11. Nxd5 Qxd5 12. Qxd5 Nxd5 13. O-O Rd8 14. Bd2 Bg4 15. Ne5 Be6 16. Rfc1 Rac8 {1-0 (57) Zisman,P (2308)-Battaglini,G (2449) Jerusalem 2015}) 11... Bg4 12. O-O Rc8 13. Re1 Nc4 14. h3 (14. Ne5 $11 Qa5 15. Bg5 Nxe5 16. dxe5) 14... Na5 $36 {[%mdl 2048] Black is really pushing.} 15. Qd1 Bf5 (15... Bxf3 $5 16. Bxf3 Nb4 $15) 16. Nh4 Bd7 17. Nf3 b6 18. Ne5 Bb5 19. a4 Ba6 20. Ng5 {[#]} (20. Bd2 $11) 20... Bb7 (20... Nb4 $1 $17 {[%cal Rb4c2] White must now prevent ...Nc2.} 21. Ngxf7 Rxf7 22. Nxf7 Kxf7) 21. b4 (21. h4 $11) 21... Nc3 $17 ({Don't play} 21... Nxb4 22. Ngxf7 Rxf7 23. Nxf7 $11) 22. Qg4 {Strongly threatening Nexf7.} Bxg2 23. Kxg2 (23. Nexf7 $17 {was worth a try.} Qd5 24. bxa5) 23... Nb3 24. Ra3 $2 {[#]} (24. Ngxf7 Qd5+ 25. Kg1) 24... Qd5+ ({Less strong is} 24... Qxd4 25. Ngf3 $17) 25. Qf3 $2 (25. Ngf3 {only move.}) 25... Nxd4 {Precision: White = 24%, Black = 60%.} 0-1

[Event "IOM Open-Masters 2017"]
[Site "Douglas"]
[Date "2017.09.25"]
[Round "3"]
[White "Hemant, Sharma (del)"]
[Black "Bianco, Valerio"]
[Result "1-0"]
[WhiteElo "2342"]
[BlackElo "2086"]
[Annotator "NA"]
[PlyCount "103"]
[EventDate "2017.??.??"]
[EventType "swiss"]
[EventCountry "GBR"]
[SourceTitle "playchess.com"]
[Source "ChessBase"]
[SourceQuality "1"]
[TimeControl "40/6000+30:20/3000+30:900+30"]

1. c4 c5 2. Nc3 g6 3. g3 Bg7 4. Bg2 Nc6 5. a3 a6 6. Rb1 Rb8 7. b4 cxb4 8. axb4 b5 9. cxb5 axb5 10. Nf3 Nf6 11. O-O O-O 12. d4 d5 13. Ne5 Nxe5 14. dxe5 Ng4 15. Nxd5 Nxe5 16. Bg5 f6 17. Bf4 Be6 18. Rc1 Bxd5 19. Bxd5+ Kh8 20. Qb3 Rc8 21. Rc5 Qb6 22. Be3 Qb8 23. Be6 Rxc5 24. Bxc5 Nc6 25. Qd5 Qc7 26. Qd7 Qxd7 27. Bxd7 Nd4 28. Bxd4 Rd8 29. Rc1 Rxd7 30. Rc8+ Bf8 31. Bxf6+ Kg8 32. Bg5 Kf7 33. Be3 e6 34. Bc5 Bxc5 35. Rxc5 Rb7 36. Kg2 Kf6 37. Kf3 h6 38. Ke4 Rb6 39. f4 g5 40. fxg5+ hxg5 41. Kf3 Rb8 42. Kg4 Rh8 43. h3 Rd8 44. Rxb5 Rd4+ 45. Kh5 e5 46. g4 Rd6 47. Rc5 Rd2 48. Rc6+ Ke7 49. Kxg5 Rxe2 50. h4 e4 51. Kf4 e3 52. Rc3 1-0

[Event "IOM Open-Masters 2017"]
[Site "Douglas"]
[Date "2017.09.25"]
[Round "3"]
[White "Ragnarsson, Dagur"]
[Black "Dahl, Baard"]
[Result "1-0"]
[WhiteElo "2340"]
[BlackElo "1974"]
[Annotator "NA"]
[PlyCount "127"]
[EventDate "2017.??.??"]
[EventType "swiss"]
[EventCountry "GBR"]
[SourceTitle "playchess.com"]
[Source "ChessBase"]
[SourceQuality "1"]
[TimeControl "40/6000+30:20/3000+30:900+30"]

1. d4 Nf6 2. c4 g6 3. Nc3 d5 4. Bf4 Bg7 5. e3 O-O 6. Qb3 dxc4 7. Bxc4 Nc6 8. Be2 Na5 9. Qa3 Nc6 10. Nf3 a5 11. h3 Nb4 12. Rc1 Bf5 13. O-O c6 14. Rfd1 h6 15. g4 Bc2 16. Rd2 g5 17. Bg3 Bg6 18. Qb3 Re8 19. Ne5 Ne4 20. Nxe4 Bxe4 21. Qxf7+ Kh7 22. a3 Nd5 23. Bf3 Bxf3 24. Qg6+ Kg8 25. Nxf3 e6 26. Be5 Qe7 27. e4 Nf6 28. d5 exd5 29. exd5 Rad8 30. Bxf6 Qxf6 31. Qxf6 Bxf6 32. dxc6 Rxd2 33. Nxd2 bxc6 34. Rxc6 Bxb2 35. Nc4 Bd4 36. Rxh6 Re1+ 37. Kg2 Re2 38. Rg6+ Kh7 39. Rxg5 Rxf2+ 40. Kg3 Rc2 41. Rh5+ Kg6 42. Nxa5 Rc3+ 43. Kg2 Rxa3 44. Nc4 Rc3 45. Ne5+ Kg7 46. Rg5+ Kh7 47. h4 Bb6 48. Nf3 Bc7 49. Rf5 Kg7 50. g5 Bd8 51. h5 Ra3 52. Kh3 Ra4 53. g6 Bf6 54. Kg3 Rb4 55. Rf4 Rxf4 56. Kxf4 Kh6 57. Kg4 Bc3 58. Nh4 Kg7 59. Nf5+ Kf6 60. Ne3 Bb2 61. Nd5+ Kg7 62. Kf5 Bd4 63. Nf6 Bc3 64. Ng4 1-0

[Event "IOM Open-Masters 2017"]
[Site "Douglas"]
[Date "2017.09.25"]
[Round "3"]
[White "Vaishali, R."]
[Black "Pichot, Alan"]
[Result "0-1"]
[WhiteElo "2329"]
[BlackElo "2565"]
[Annotator "TA"]
[PlyCount "102"]
[EventDate "2017.??.??"]
[EventType "swiss"]
[EventCountry "GBR"]
[SourceTitle "playchess.com"]
[Source "ChessBase"]
[SourceQuality "1"]

{[%evp 14,102,9,0,0,0,0,-25,-13,-13,-25,-55,-20,-16,0,-30,-28,-19,-25,-36,-40,-62,-65,-54,-35,-36,-29,-40,-34,-29,-33,-32,-36,-33,-38,-37,-35,-31,-35,-37,-38,-49,-18,-115,-114,-118,-113,-141,-133,-123,-120,-144,-142,-152,-147,-147,-147,-147,-147,-149,-147,-229,-229,-229,-229,-228,-220,-287,-292,-308,-298,-290,-300,-284,-273,-431,-390,-431,-424,-433,-445,-442,-439,-415,-383,-385,-375,-712,-701,-691,-685]} 1. e4 c5 2. Nf3 Nc6 3. Bb5 d6 4. O-O Bd7 5. c3 Nf6 6. d4 {B51: Sicilian: Moscow Variation (3 Bb5+) without 3...Bd7} (6. Re1 a6 7. Bf1 Bg4 8. h3 Bxf3 9. Qxf3 e6 10. Qg3 Nh5 11. Qe3 Nf6 12. d3 Be7 13. Nd2 O-O 14. Nf3 b5 15. Bd2 Rb8 16. Red1 Qc7 17. Rac1 {½-½ (32) Zhou,W (2606)-Bu,X (2713) China 2017}) 6... Nxe4 7. d5 Ne5 8. Bxd7+ {LiveBook: 4 Games. The position is equal.} Nxd7 9. Re1 Nef6 10. Bf4 Nb6 11. c4 $1 g6 12. a4 Bg7 13. a5 Nc8 $1 {[#]} 14. Qb3 $146 Qd7 15. Nc3 O-O 16. Rad1 Ne8 17. Ne4 b6 18. Bd2 bxa5 19. Bxa5 Nb6 20. Bc3 Qa4 21. Qxa4 Nxa4 22. Bxg7 Kxg7 23. b3 Nb6 24. Nc3 Nc8 25. Nb5 Rb8 {aiming for ...a6.} 26. Ra1 Rb7 27. Ra5 Nf6 28. Rea1 {[#]} (28. Nd2 $11 {remains equal.}) 28... a6 $1 $17 {[%cal Ra6b5][%mdl 512]} 29. Rxa6 Nxd5 $1 30. Nd2 Nc7 31. Nxc7 Rxc7 32. Ne4 Rb7 33. R1a3 Nb6 {And now ...Nxc4! would win.} 34. Nc3 Rfb8 {White must now prevent ...Nxc4!} 35. f4 Nd7 36. Nb5 Nf8 37. Kf2 (37. Ra7 $17 {is a better defense.}) 37... Ne6 $19 38. Ke3 {[#]} Nc7 $1 {[%cal Rc7b5]} 39. Nxc7 Rxc7 {[%mdl 4096] Endgame KRR-KRR} 40. Kd3 Rcb7 41. Kc3 Kf6 42. Ra7 Kf5 43. Rxb7 Rxb7 {KR-KR} 44. g3 (44. Ra2 {was worth a try.}) 44... Kg4 45. Ra8 Kh3 46. Rh8 h5 47. f5 Kxh2 48. g4 {[#]} h4 $1 49. Rxh4+ Kg3 50. Rh6 $2 (50. Rh7 Kxg4 51. fxg6 fxg6 52. Rh1) 50... g5 51. f6 Kxg4 {Precision: White = 46%, Black = 93%.} 0-1

[Event "IOM Open-Masters 2017"]
[Site "Douglas"]
[Date "2017.09.25"]
[Round "3"]
[White "Enkhtuul, Altan-Ulzii"]
[Black "Donchenko, Alexander"]
[Result "0-1"]
[WhiteElo "2327"]
[BlackElo "2559"]
[Annotator "TA"]
[PlyCount "92"]
[EventDate "2017.??.??"]
[EventType "swiss"]
[EventCountry "GBR"]
[SourceTitle "playchess.com"]
[Source "ChessBase"]
[SourceQuality "1"]

{[%evp 16,92,-6,-25,-5,-12,-1,-20,-15,-15,-26,-21,-28,-39,-27,-51,-19,-70,-64,-60,-72,-84,-68,-73,-89,-87,-26,-52,-57,-93,-100,-107,-105,-194,-194,-206,-206,-245,-253,-284,-297,-431,-425,-383,-213,-208,-154,-485,-482,-482,-490,-455,-397,-414,-420,-403,-418,-412,-414,-414,-402,-1706,-2016,-1232,-1347,-29974,-29975,-29975,-29976,-29975,-29976,-5642,-5160,-29982,-29983,-29983,-29984,-29984,-29985]} 1. Nf3 Nf6 2. d4 g6 3. g3 b6 4. Bg2 Bb7 5. c4 Bg7 6. O-O O-O 7. Nc3 Ne4 8. Qc2 Nxc3 9. bxc3 {LiveBook: 9 Games} f5 {A50: Queen's Fianchetto Defence (1 d4 Nf6 2 c4 b6)} (9... Nc6 10. Rd1 Na5 11. c5 d6 12. Rb1 dxc5 13. e4 cxd4 14. cxd4 Qd7 15. Bf4 Qc6 16. Qxc6 Bxc6 17. d5 {0-1 (31) Molner,M (2493)-Ipatov,A (2625) Saint Louis 2013}) 10. c5 $146 ({Predecessor:} 10. d5 e5 11. dxe6 dxe6 12. Bg5 Qe8 13. Nd4 Bxg2 14. Kxg2 h6 15. Bd2 e5 16. Nf3 Qc6 17. Kg1 Qxc4 {0-1 (54) Nouali,D (1718)-Abbes,A (2224) Algiers 2012}) 10... e6 11. Ba3 bxc5 {The position is equal.} 12. Bxc5 d6 13. Ba3 Nd7 14. Rad1 Be4 15. Qb3 Qe7 16. Ne1 (16. c4 $11) 16... Rab8 $36 {[%mdl 2048] Black has the initiative.} 17. Qc4 Nb6 18. Qa6 Qd7 19. Bxe4 fxe4 20. Ng2 e5 (20... Nd5 $17 {...Rb6 is the strong threat.} 21. Rc1 Rb6) 21. dxe5 Bxe5 22. Bc5 {[#]} Qa4 $1 {[%cal Ra4a6]} 23. Qxa4 Nxa4 24. Bxa7 (24. Bd4 $17) 24... Rb2 $19 25. Rb1 Rxe2 26. Rb7 Nxc3 27. a4 c5 ({Don't do} 27... Nxa4 28. Rxc7 Nc3 29. Rd7 $19) 28. a5 (28. Ne3 $142) 28... Ra2 29. Ne3 h5 (29... Rf7 $142 30. Rxf7 Kxf7) 30. Bb8 Rxa5 {Threatens to win with ...Rb5.} 31. Bxd6 $2 (31. Nc4 $17 {nothing else works.} Rb5 32. Bxd6 Rxb7 33. Bxf8) 31... Bxd6 32. Rb6 Be7 33. Rxg6+ Kh7 34. Rc6 Ra7 35. Kg2 Rf6 36. Rc8 Rd7 37. Nc4 Nd5 38. Rd1 {[#]} (38. Re1 $142) 38... Nf4+ $1 39. gxf4 Rxd1 40. Rc7 Rf7 41. Ne3 Rg7+ 42. Kh3 Rd3 43. Rc8 Bd6 44. Kh4 Bxf4 {Black mates.} 45. Rxc5 Bxe3 46. fxe3 Rxe3 {Precision: White = 35%, Black = 61%.} 0-1

[Event "IOM Open-Masters 2017"]
[Site "Douglas"]
[Date "2017.09.25"]
[Round "3"]
[White "Rapport, Jovana"]
[Black "Zahn, Alina"]
[Result "1/2-1/2"]
[WhiteElo "2327"]
[BlackElo "2025"]
[Annotator "NA"]
[PlyCount "80"]
[EventDate "2017.??.??"]
[EventType "swiss"]
[EventCountry "GBR"]
[SourceTitle "playchess.com"]
[Source "ChessBase"]
[SourceQuality "1"]
[TimeControl "40/6000+30:20/3000+30:900+30"]

1. Nf3 d5 2. d4 Nf6 3. c4 e6 4. Nc3 Be7 5. cxd5 exd5 6. Bg5 Nbd7 7. e3 c6 8. Bd3 O-O 9. O-O Re8 10. Qc2 Nf8 11. Bxf6 Bxf6 12. b4 a6 13. a4 Be7 14. Rfb1 f6 15. a5 Bd6 16. Na4 Bg4 17. Nd2 Qc7 18. Nf1 Bh5 19. Rb2 Bg6 20. Rc1 Qf7 21. Bf5 Bxf5 22. Qxf5 Ne6 23. Nc5 Re7 24. f3 g6 25. Qc2 Rae8 26. Qf2 Ng7 27. Nd3 Nf5 28. Re1 Qf8 29. Rbe2 Qf7 30. g4 Ng7 31. Ng3 Ne6 32. f4 Nc7 33. h4 Nb5 34. Rc1 Kh8 35. g5 Qe6 36. Qf3 Qh3 37. Nf2 Qe6 38. Nd3 Qh3 39. Nf2 Qe6 40. Nd3 Qh3 1/2-1/2

[Event "IOM Open-Masters 2017"]
[Site "Douglas"]
[Date "2017.09.25"]
[Round "3"]
[White "Kolbus, Dietmar"]
[Black "Perelshteyn, Eugene"]
[Result "1/2-1/2"]
[WhiteElo "2320"]
[BlackElo "2524"]
[Annotator "TA"]
[PlyCount "69"]
[EventDate "2017.??.??"]
[EventType "swiss"]
[EventCountry "GBR"]
[SourceTitle "playchess.com"]
[Source "ChessBase"]
[SourceQuality "1"]

{[%evp 17,69,22,30,20,16,22,26,9,48,36,58,58,58,52,60,49,58,33,55,45,66,61,62,63,68,67,93,59,88,0,91,65,73,67,93,93,95,97,122,113,226,102,119,111,120,110,115,112,141,125,126,147,227,145]} 1. d4 g6 2. c4 Bg7 3. e4 d6 4. Nc3 c6 5. Be3 Nf6 6. f3 a6 7. a4 a5 8. Bd3 Na6 9. Nge2 {E80: King's Indian: Sämisch: Lines without early ...0-0} Nb4 {LiveBook: 3 Games} 10. Bb1 O-O 11. O-O {The position is equal.} e5 (11... Nd7 12. b3 e5 13. f4 exd4 14. Bxd4 Bxd4+ 15. Nxd4 Nc5 16. Na2 Re8 17. Nxb4 axb4 {0-1 (46) Glek,I (2413)-Yuffa,D (2527) Moscow 2017}) 12. Qd2 Re8 $146 ({Predecessor:} 12... exd4 13. Nxd4 Nd7 14. Rd1 Ne5 15. Qe2 Qe7 16. Ba2 Nxa2 17. Rxa2 {1-0 (59) Ardiansyah,H (2395)-Suradiradja,H (2380) Surakarta 1982}) 13. d5 Qe7 14. Na2 Nxa2 15. Rxa2 Nd7 16. Bc2 Nc5 17. Nc3 Qc7 18. Rd1 Bf8 19. b3 Na6 20. Rb2 {[%cal Ba2b2,Bb2b1,Bb1d1][%mdl 32]} Nb4 21. Bb1 f6 22. Na2 Na6 23. Nc3 ({White should try} 23. g4 $16) 23... Nc5 (23... Nb4 $1 $11 {remains equal.}) 24. Bc2 Qf7 25. Rbb1 h5 26. Rf1 Kh7 27. Kh1 Qc7 28. Rbd1 Qb6 (28... Qg7 $16 29. Kg1 Na6) 29. Na2 (29. f4 $18) 29... Bd7 30. Nc1 Qc7 31. dxc6 Bxc6 32. Na2 Na6 33. Nc3 Nb4 34. Bb1 b6 (34... Qf7 $16 35. Nb5 Red8) 35. Rc1 {Precision: White = 52%, Black = 31%.} 1/2-1/2